000 00716nab a22002297a 4500
001 18043
003 HDC
007 cr bn ---aaaaa
008 210128c99999999my ||||o |||| 00| 00eng d
040 _aHDC
245 0 _aUnited Foods Company launches new products at Gulfood 2016
336 _atext
_2rdacontent
337 _acomputer
_2rdamedia
338 _aonline resource
_2rdacarrier
650 _aFestival
_99231
650 _aHalal product
_948
710 _aZawya.com
856 _zRequest full-text at [email protected]
942 _2lcc
942 _cNEWS
942 _kNWSO 003392
999 _c15359
_d15359